Midsummer dream in the workshouse : (Record no. 200073)
[ view plain ]
| 000 -LEADER | |
|---|---|
| fixed length control field | 00985nam a2200289 a 4500 |
| 001 - CONTROL NUMBER | |
| control field | vtls000196259 |
| 003 - CONTROL NUMBER IDENTIFIER | |
| control field | NLI |
| 005 - DATE AND TIME OF LATEST TRANSACTION | |
| control field | 20210602113031.0 |
| 008 - FIXED-LENGTH DATA ELEMENTS--GENERAL INFORMATION | |
| fixed length control field | 101125s1953 enk 000 d eng |
| 039 #9 - LEVEL OF BIBLIOGRAPHIC CONTROL AND CODING DETAIL [OBSOLETE] | |
| -- | 201011252323 |
| -- | VLOAD |
| 040 0# - CATALOGING SOURCE | |
| Original cataloging agency | NLI |
| Language of cataloging | eng |
| Transcribing agency | VERGIS-2010 |
| Description conventions | AACR2 |
| 041 1# - LANGUAGE CODE | |
| Language code of text/sound track or separate title | eng |
| Language code of original | swe |
| 044 ## - COUNTRY OF PUBLISHING/PRODUCING ENTITY CODE | |
| MARC country code | enk |
| 082 04 - DEWEY DECIMAL CLASSIFICATION NUMBER | |
| Classification number | 839.727 |
| 100 1# - MAIN ENTRY--PERSONAL NAME | |
| Personal name | Lagerkvist, Par, |
| Dates associated with a name | 1891-1974 |
| 9 (RLIN) | 373020 |
| 245 10 - TITLE STATEMENT | |
| Title | Midsummer dream in the workshouse : |
| Remainder of title | a play in three acts / |
| Statement of responsibility, etc. | by Par Lagerkvist ; translated [from the Swedish] by Alan Blair |
| 260 ## - PUBLICATION, DISTRIBUTION, ETC. | |
| Place of publication, distribution, etc. | London : |
| Name of publisher, distributor, etc. | William Hodge, |
| Date of publication, distribution, etc. | 1953 |
| 300 ## - PHYSICAL DESCRIPTION | |
| Extent | 53 p. ; |
| Dimensions | 18 cm. |
| 650 #0 - SUBJECT ADDED ENTRY--TOPICAL TERM | |
| Topical term or geographic name entry element | Swedish drama |
| General subdivision | Translations into English |
| 9 (RLIN) | 373976 |
| 700 1# - ADDED ENTRY--PERSONAL NAME | |
| Personal name | Blair, Alan, |
| Relationship | trl |
| 9 (RLIN) | 92278 |
| 887 ## - NON-MARC INFORMATION FIELD | |
| Content of non-MARC field | |
| 901 ## - LOCAL DATA ELEMENT A, LDA (RLIN) | |
| a | 324844 |
| b | 09.01.1959 |
| 902 ## - LOCAL DATA ELEMENT B, LDB (RLIN) | |
| a | E 839.727 L 136 |
| 942 ## - ADDED ENTRY ELEMENTS (KOHA) | |
| Source of classification or shelving scheme | Dewey Decimal Classification |
| Koha item type | Books |
| 949 ## - LOCAL PROCESSING INFORMATION (OCLC) | |
| -- | VIRTUAITEM |
| -- | 10000 |
| -- | 100 |
| 6 | PUR000324844ENG |
| Withdrawn status | Lost status | Damaged status | Not for loan | Collection code | Home library | Current library | Shelving location | Date acquired | Total Checkouts | Full call number | Barcode | Date last seen | Price effective from | Koha item type |
|---|---|---|---|---|---|---|---|---|---|---|---|---|---|---|
| New English | National Library of India | National Library of India | New English - Main Stack Division | E 839.727 L 136 | PUR000324844ENG | 02/06/2021 | 02/06/2021 | Books |
